000 00503nam a2200181Ia 4500
001 2010
005 20260306143811.0
008 260306t2013||||xx |||||||||||||| ||spa||
041 _aESP
082 _a610.28
_bD64
100 _aDevasahayam, Suresh R.
_eAUT
245 0 _aSignals and systems in biomedical engineering:
_bsignal processing and physiological systems modeling
260 _c2013
300 _axiv, 389 páginas :
_c24 cm.
650 _aGEN
654 _aCPS
942 _cLIB
_dJUS
_fJUS
_2ddc
_n
999 _c2010
_d2010